Music Quiz

Random Music or Artist Quiz

Finish That iTunes Top 100 Lyric Quiz Stats

 Plays Quiz not verified by Sporcle

Challenge
Share
Tweet
Embed
Score 0/14 Timer 10:00
0 Plays Today
Lyric Finished Lyric % Correct
I gotta feeling that tonight's...gonna be a good night
92.2%
She wears short skirts, I wear t-shirts, she's cheer captain and...I'm on the bleachers
83.2%
Before I leave, brush my teeth with...a bottle of Jack
70%
So baby don't worry, you are my only, you won't be lonely, even if...the sky is falling down
69.3%
So I put my hands up, they're playin' my song...and the butterflies fly away
68.4%
I'm your biggest fan, I'll follow you...until you love me
65%
I'd like to make myself believe...that planet Earth turns slowly
59.3%
Lyric Finished Lyric % Correct
I used to be love drunk...but now I'm hung over
54.6%
You were hangin in the corner with your 5 best friends, you heard that I was trouble...but you couldn't resist
39.9%
Evacuate the dancefloor...I'm infected by the sound
34.1%
One, 21 guns, lay down your arms...give up the fight
20.2%
My guilty pleasure, I ain't goin nowhere, baby long as you're here...I'll be floating on air
11.8%
Someone like you and all you know and how you speak, countless lovers...undercover of the street
10.2%
Finally found a girl that you couldn't impress, last man on the Earth...still couldn't get this
10.2%

You're not logged in!

Compare scores with friends on all Sporcle quizzes.
Join for Free
OR
Log In

You Might Also Like...

Show Comments

Extras

Top Quizzes Today


Score Distribution

Your Account Isn't Verified!

In order to create a playlist on Sporcle, you need to verify the email address you used during registration. Go to your Sporcle Settings to finish the process.

Report this User

Report this user for behavior that violates our Community Guidelines.

Details: